000 00455nam a22001577a 4500
003 PILC
005 20150112093445.0
008 130205t xxu||||| |||| 00| 0 eng d
050 _aKF5624.61
_b.R457 2009
082 _aFil 343.052
_bR33 2009
100 _aReyes, Virgilio D.
_922856
245 _aThe new income tax, law and accounting /
_cVirgilio D. Reyes
260 _aManila
_bBy the author
_c2009.
300 _a335 pages :
_c23 cm.
942 _2lcc
_cBK
999 _c14887
_d14887